| 000 | 00321nam a22001217a 4500 | ||
|---|---|---|---|
| 020 | _a0-07-079590-8 | ||
| 082 | _a503.21 MCG'I | ||
| 100 |
_aINTERNATIONAL _95652 |
||
| 245 | _aMCGRAW HILL ENCYCLOPEDIA OF SCIENCE AND TECHNOLOGY VOLUME - 2 BAB-COT | ||
| 260 |
_aNEWYORK _bMCGRAW HILL _c1977 |
||
| 300 | _a790P | ||
| 942 | _cBK | ||
| 999 |
_c580050 _d580050 |
||